000 00819nam0a2200265 4500
001 RU\NLR\bibl\8329
005 20260406051743.0
035 _a(NLR Aleph) 000008133
090 _a25713
_c25713
100 _a19981123d1998 |||y0rusy50 ca
101 0 _arus
102 _aRU
105 _a|||||||||||||
200 1 _aСудьбой дарованное
_e[Стихи]
_fБорис Курченков
210 _aБ.м.
_cБ.и.
_d1998
215 _a72 с.
_d20
686 _aШ6(2=Р)75-5
700 1 _4070
_8rus
_7ca
_aКурченков
_bБ. С.
_f1936-
_gБорис Степанович
_3RU\NLR\auth\776937
_9116883
801 0 _aRU
_bNLR
_c19981123
_gPSBO
801 1 _aRU
_bNLR
_c19981123
852 _aNLR
_j98-4/11167
942 _cBOOK
980 _aNB